[Event "Aust Junior Open "]
[Site "Perth "]
[Date "2004.01.23"]
[Round "9.24"]
[White "Slack Smith, Blair"]
[Black "Guzel, Adam"]
[Result "0-1"]
[WhiteElo "1096"]
[BlackElo "1346"]
[PlyCount "74"]
[EventDate "2004.01.14"]
[EventType "swiss"]
[EventRounds "11"]
[EventCountry "AUS"]

1. e4 e5 2. Nf3 Nc6 3. Bb5 Bc5 4. O-O Qf6 5. d3 h6 6. Be3 Bb6 7. c4 Nd4 8. Bxd4
Bxd4 9. Nxd4 exd4 10. Nd2 c6 11. Ba4 d6 12. f4 Ne7 13. f5 O-O 14. Qe2 Re8 15.
Rf4 Bd7 16. g4 Kh8 17. Qf2 Rad8 18. Kh1 d5 19. Rg1 Rf8 20. h4 g5 21. hxg5 Qxg5
22. Rg2 dxc4 23. dxc4 c5 24. Bxd7 Rxd7 25. Rf3 Kh7 26. Rh3 Rh8 27. Nf3 Qc1+ 28.
Ne1 d3 29. g5 d2 30. g6+ Kg8 31. Rg1 d1=Q 32. gxf7+ Kxf7 33. Rhg3 Qh5+ 34. Kg2
Rd2 35. Rg7+ Kf8 36. f6 Rxf2+ 37. Kxf2 Qf4+ 0-1

[Event "Aust Junior Open "]
[Site "Perth "]
[Date "2004.01.23"]
[Round "9.25"]
[White "Tse, Jeffrey"]
[Black "Vinciguerra, Andrew"]
[Result "0-1"]
[WhiteElo "1337"]
[BlackElo "1176"]
[PlyCount "66"]
[EventDate "2004.01.14"]
[EventType "swiss"]
[EventRounds "11"]
[EventCountry "AUS"]

1. e4 e5 2. Nf3 Nc6 3. Bc4 Bc5 4. c3 Nf6 5. d3 O-O 6. Bg5 Qe7 7. O-O d6 8. Nbd2
Be6 9. h3 Bxc4 10. Nxc4 a6 11. Nh2 Qe6 12. Ne3 Bxe3 13. fxe3 Ne8 14. Qf3 Ne7
15. d4 f6 16. Ng4 Ng6 17. Bh6 gxh6 18. d5 Qd7 19. Nxh6+ Kg7 20. Qh5 Kh8 21. Ng4
Qe7 22. Rf3 Ng7 23. Qh6 f5 24. exf5 Rxf5 25. Rxf5 Nxf5 26. Qh5 Ng3 27. Qh6 Qh4
28. Qxh4 Nxh4 29. Kf2 Ne4+ 30. Ke2 Rf8 31. Rg1 h5 32. Nh2 Rf2+ 33. Kd3 Nc5+ 0-1

[Event "Aust Junior Open "]
[Site "Perth "]
[Date "2004.01.23"]
[Round "9.26"]
[White "Maguire, Jesse"]
[Black "Beltrami, Matthew"]
[Result "1/2-1/2"]
[WhiteElo "1321"]
[BlackElo "1208"]
[PlyCount "31"]
[EventDate "2004.01.14"]
[EventType "swiss"]
[EventRounds "11"]
[EventCountry "AUS"]

1. e4 e6 2. d4 d5 3. Nc3 Nf6 4. e5 Nfd7 5. Nf3 c5 6. Bd3 Nc6 7. Bb5 Rb8 8. O-O
a6 9. Be2 cxd4 10. Nxd4 Ndxe5 11. Nxc6 Nxc6 12. Bd3 Ne7 13. Re1 Bd7 14. Qg4 Ng6
15. Be3 Be7 16. Ne2 1/2-1/2

[Event "Aust Junior Open "]
[Site "Perth "]
[Date "2004.01.23"]
[Round "9.31"]
[White "Ung, Josephine"]
[Black "Scott, Christopher"]
[Result "0-1"]
[WhiteElo "332"]
[BlackElo "857"]
[PlyCount "60"]
[EventDate "2004.01.14"]
[EventType "swiss"]
[EventRounds "11"]
[EventCountry "AUS"]

1. d4 Nf6 2. Nf3 d6 3. e3 g6 4. Bd3 Bg7 5. c3 O-O 6. Nbd2 c5 7. O-O Nc6 8. Re1
Re8 9. e4 cxd4 10. cxd4 Bg4 11. d5 Ne5 12. Qe2 e6 13. dxe6 Rxe6 14. h3 Bxf3 15.
Nxf3 Nxd3 16. Qxd3 d5 17. e5 Nd7 18. Bg5 Qa5 19. Qd4 Qc5 20. Qxc5 Nxc5 21. Rac1
Nd3 22. Rcd1 Nxe1 23. Rxe1 Rc8 24. Bd2 f6 25. exf6 Rxe1+ 26. Bxe1 Bxf6 27. b3
Rc6 28. Bd2 Rc2 29. a4 Bc3 30. Be3 a6 {...} 0-1

[Event "Aust Junior Open "]
[Site "Perth "]
[Date "2004.01.24"]
[Round "10.2"]
[White "Suttor, Vincent"]
[Black "Oliver, Gareth"]
[Result "0-1"]
[WhiteElo "1828"]
[BlackElo "1844"]
[PlyCount "104"]
[EventDate "2004.01.14"]
[EventType "swiss"]
[EventRounds "11"]
[EventCountry "AUS"]

1. d4 Nf6 2. c4 g6 3. Nc3 Bg7 4. e4 d6 5. f3 O-O 6. Be3 Nc6 7. Nge2 a6 8. Qd2
Re8 9. h4 h5 10. O-O-O b5 11. Bh6 Bh8 12. Bg5 bxc4 13. Ng3 Nh7 14. Be3 Rb8 15.
f4 Bg4 16. Re1 Qc8 17. f5 Qb7 18. fxg6 fxg6 19. Bxc4+ e6 20. Nge2 Nf8 21. Rhf1
Qb4 22. Bb3 Na5 23. Rf2 Qxb3 24. axb3 Nxb3+ 25. Kc2 Nxd2 26. Bxd2 Bg7 27. Ra1
Rb6 28. Be3 Reb8 29. Ra2 Nd7 30. Nf4 Nf8 31. Nd3 Rc6 32. Ra4 d5 33. exd5 exd5
34. Nb4 Re6 35. Bf4 Bf5+ 36. Kc1 Bxd4 37. Rd2 Bxc3 38. bxc3 Rb5 39. Rxd5 c5 40.
Nd3 c4 41. Nb4 Re1+ 42. Kd2 Rb1 43. g3 R1xb4 44. cxb4 Rxd5+ 45. Kc3 Ne6 46. Bb8
Rd8 47. Be5 Rd5 48. Bb8 Rb5 49. Bd6 Rb6 50. Bc5 Nxc5 51. bxc5 Rc6 52. Kxc4 Be6+
0-1

[Event "Aust Junior Open "]
[Site "Perth "]
[Date "2004.01.24"]
[Round "10.3"]
[White "Chow, Sam"]
[Black "Neeman, Jeremy"]
[Result "1-0"]
[WhiteElo "2130"]
[BlackElo "1548"]
[PlyCount "67"]
[EventDate "2004.01.14"]
[EventType "swiss"]
[EventRounds "11"]
[EventCountry "AUS"]

1. e4 c5 2. Nc3 Nc6 3. f4 g6 4. Nf3 Bg7 5. Bb5 Nd4 6. O-O Nxb5 7. Nxb5 d5 8.
exd5 a6 9. Nc3 Nf6 10. d4 c4 11. Qe2 b5 12. a4 b4 13. Nd1 a5 14. Qxc4 O-O 15.
Re1 Nxd5 16. c3 Bg4 17. Qf1 bxc3 18. bxc3 Bxf3 19. Qxf3 Rc8 20. Bd2 e6 21. Qd3
Qd6 22. g3 Rfd8 23. Ne3 Nb6 24. Reb1 e5 25. fxe5 Bxe5 26. Qb5 Nd7 27. Be1 Bg7
28. Qxa5 f5 29. Qd5+ Qxd5 30. Nxd5 Kf7 31. Rb7 Ke6 32. Nb4 Kd6 33. Bd2 Rc4 34.
Re1 1-0

[Event "Aust Junior Open "]
[Site "Perth "]
[Date "2004.01.24"]
[Round "10.4"]
[White "Huang, Justin"]
[Black "Yu, Michael"]
[Result "0-1"]
[WhiteElo "1596"]
[BlackElo "1736"]
[PlyCount "83"]
[EventDate "2004.01.14"]
[EventType "swiss"]
[EventRounds "11"]
[EventCountry "AUS"]

1. e4 c5 2. Nf3 e6 3. c3 d5 4. exd5 exd5 5. d4 Nf6 6. Bd3 c4 7. Bc2 Bg4 8. Bg5
Bd6 9. Qe2+ Qe7 10. Bxf6 Qxe2+ 11. Kxe2 gxf6 12. Nbd2 Bf4 13. h3 Bh5 14. Rhe1
Bg6 15. Bxg6 fxg6 16. g3 Bd6 17. a4 Nd7 18. b3 cxb3 19. Nxb3 Rc8 20. Kd3+ Kf7
21. Nfd2 Nb6 22. Na5 Rc7 23. Rab1 Rhc8 24. Rec1 Be7 25. Nxb7 Nxa4 26. c4 dxc4+
27. Rxc4 Nb6 28. Rxc7 Rxc7 29. Na5 Nd5 30. Nac4 Bb4 31. Ne4 Ke6 32. Nc5+ Bxc5
33. dxc5 Ne7 34. Ra1 Nc6 35. Ne3 Rb7 36. Kc4 Rb2 37. Re1 Ne5+ 38. Kc3 Rxf2 39.
g4 h6 40. Ra1 Nc6 41. Nd1 Rf3+ 42. Kc2 {...} 0-1

[Event "Aust Junior Open "]
[Site "Perth "]
[Date "2004.01.24"]
[Round "10.5"]
[White "Wongwitchit, Phachara"]
[Black "Wei, Michael"]
[Result "0-1"]
[WhiteElo "1773"]
[BlackElo "1870"]
[PlyCount "53"]
[EventDate "2004.01.14"]
[EventType "swiss"]
[EventRounds "11"]
[EventCountry "AUS"]

1. d4 Nf6 2. c4 e6 3. Nc3 Bb4 4. Qc2 c5 5. Nf3 cxd4 6. Nxd4 Nc6 7. Nxc6 bxc6 8.
Bg5 Qa5 9. Bxf6 gxf6 10. e3 Bxc3+ 11. Qxc3 Qxc3+ 12. bxc3 Rb8 13. O-O-O Ba6 14.
Rd4 Ke7 15. Bd3 Rbg8 16. g3 Rg5 17. Rd1 c5 18. Rh4 h5 19. Kc2 Rg4 20. Rg1 Bb7
21. Be2 Be4+ 22. Kb3 Rxh4 23. gxh4 Bg6 24. f3 Rb8+ 25. Ka3 Rb6 26. Rd1 Rb1 27.
Rd2 {...} 0-1

[Event "Aust Junior Open "]
[Site "Perth "]
[Date "2004.01.24"]
[Round "10.6"]
[White "Ly, Moulthun"]
[Black "Xie, Ken"]
[Result "1/2-1/2"]
[WhiteElo "1646"]
[BlackElo "1802"]
[PlyCount "24"]
[EventDate "2004.01.14"]
[EventType "swiss"]
[EventRounds "11"]
[EventCountry "AUS"]

1. e4 d5 2. exd5 Nf6 3. d4 Bg4 4. f3 Bf5 5. Bb5+ Nbd7 6. g4 Bg6 7. Nc3 a6 8.
Ba4 b5 9. Bb3 Nb6 10. a4 bxa4 11. Nxa4 c6 12. Bd2 e5 {...} 1/2-1/2

[Event "Aust Junior Open "]
[Site "Perth "]
[Date "2004.01.24"]
[Round "10.7"]
[White "Lattimore, Tor"]
[Black "Lugo, Ruperto"]
[Result "1/2-1/2"]
[WhiteElo "1765"]
[BlackElo "1697"]
[PlyCount "74"]
[EventDate "2004.01.14"]
[EventType "swiss"]
[EventRounds "11"]
[EventCountry "AUS"]

1. e4 d5 2. exd5 Qxd5 3. Nc3 Qa5 4. d4 Nf6 5. Nf3 c6 6. Bc4 Bf5 7. Bd2 e6 8.
Nd5 Qd8 9. Nxf6+ gxf6 10. Bf4 Nd7 11. Qd2 Nb6 12. Bb3 Nd5 13. Bg3 h5 14. Nh4
Bh6 15. Qe2 Qa5+ 16. Kf1 Ne7 17. Bd6 Bf8 18. c3 Bh7 19. Bc4 O-O-O 20. Bg3 Nf5
21. Nxf5 Qxf5 22. Rd1 Bg6 23. Bd3 Qd5 24. Bc4 Qf5 25. Bd3 Qg5 26. h4 Bxd3 27.
Qxd3 Qg6 28. Ke2 Qg4+ 29. Qf3 f5 30. Be5 Rg8 31. Qxg4 fxg4 32. f3 gxf3+ 33.
Kxf3 Bd6 34. Rde1 Kd7 35. Bxd6 Kxd6 36. Re5 f5 37. Rhe1 Rg6 1/2-1/2

[Event "Aust Junior Open "]
[Site "Perth "]
[Date "2004.01.24"]
[Round "10.8"]
[White "Ikeda, Junta"]
[Black "Wang, Zhengbo"]
[Result "0-1"]
[WhiteElo "1705"]
[BlackElo "1684"]
[PlyCount "92"]
[EventDate "2004.01.14"]
[EventType "swiss"]
[EventRounds "11"]
[EventCountry "AUS"]

1. e4 e5 2. Bc4 Nc6 3. d3 d6 4. Nc3 Nf6 5. Nge2 Na5 6. O-O Nxc4 7. dxc4 Be7 8.
Qd3 O-O 9. Ng3 Nd7 10. Be3 Bg5 11. Rad1 b6 12. Nd5 Nc5 13. Qd2 Bxe3 14. Qxe3 f5
15. exf5 Bxf5 16. Rd2 Be6 17. b3 a5 18. a4 Qd7 19. Qg5 Rae8 20. Re1 h6 21. Qh4
Qf7 22. Re3 Bxd5 23. cxd5 Qf4 24. Qh5 Nd7 25. Qe2 Nf6 26. h3 Rf7 27. c3 Ref8
28. Rf3 Qh4 29. Qc4 Qxc4 30. bxc4 Nd7 31. Rxf7 Rxf7 32. Ne2 Nc5 33. Ra2 Rf5 34.
f3 Rh5 35. Kh2 Rh4 36. g4 h5 37. Ng3 hxg4 38. fxg4 Rh6 39. Kg2 Rf6 40. Nf5 g6
41. Ne3 Rf4 42. Ra1 Ne4 43. Rc1 Rf2+ 44. Kg1 Rf3 45. Nd1 Rxh3 46. Rc2 Rd3 {...}
0-1

[Event "Aust Junior Open "]
[Site "Perth "]
[Date "2004.01.24"]
[Round "10.9"]
[White "Stojic, Svetozar"]
[Black "Hu, Jason"]
[Result "1-0"]
[WhiteElo "1700"]
[BlackElo "1590"]
[PlyCount "96"]
[EventDate "2004.01.14"]
[EventType "swiss"]
[EventRounds "11"]
[EventCountry "AUS"]

1. Nf3 d5 2. g3 Nf6 3. Bg2 Bf5 4. O-O e6 5. d3 Bc5 6. Nbd2 O-O 7. a3 Bb6 8. b4
Nbd7 9. c4 c6 10. Bb2 Re8 11. Qe1 e5 12. e4 Bg6 13. Nh4 Nf8 14. Nxg6 Nxg6 15.
exd5 cxd5 16. cxd5 Nxd5 17. Qe4 Nf6 18. Qxb7 Qxd3 19. Ne4 Rad8 20. Nxf6+ gxf6
21. Qf3 Qc2 22. Bc1 Bd4 23. Bh6 e4 24. Qg4 Bxa1 25. Rxa1 Qc8 26. Qh5 Re5 27.
Qe2 Qc3 28. Rc1 Qxa3 29. h4 Qd3 30. Qg4 f5 31. Qg5 Qd6 32. h5 f6 33. Qe3 Ne7
34. Bf4 Nd5 35. Bxe5 fxe5 36. Qg5+ Kh8 37. h6 Qf6 38. Qxf6+ Nxf6 39. Rc7 Ng4
40. Rxa7 Nxh6 41. b5 Rb8 42. Bf1 Ng4 43. Ra6 Kg7 44. Rd6 Kf7 45. b6 Ke7 46. Rc6
Nf6 47. Bh3 Ng4 48. Bf1 h5 {77 moves, black lost on time} 1-0

[Event "Aust Junior Open "]
[Site "Perth "]
[Date "2004.01.24"]
[Round "10.10"]
[White "Yu, Chris"]
[Black "Obst, James"]
[Result "0-1"]
[WhiteElo "1589"]
[BlackElo "1539"]
[PlyCount "86"]
[EventDate "2004.01.14"]
[EventType "swiss"]
[EventRounds "11"]
[EventCountry "AUS"]

1. d4 f5 2. Nf3 Nf6 3. c4 g6 4. Bf4 d6 5. Nc3 Nh5 6. Bd2 Bg7 7. e4 O-O 8. Bd3
fxe4 9. Bxe4 c6 10. h3 Nd7 11. Qc1 e5 12. d5 Nc5 13. Bh6 Nf4 14. Bxf4 Rxf4 15.
Qc2 Nxe4 16. Nxe4 Bf5 17. Nfd2 cxd5 18. cxd5 Qa5 19. O-O Qxd5 20. Rfe1 Rc8 21.
Qb3 Bxe4 22. Nxe4 Qxb3 23. axb3 Rc2 24. Rad1 Rxb2 25. Rxd6 Rxb3 26. f3 Bf8 27.
Rd8 Kg7 28. Ng5 Be7 29. Rd7 Kf6 30. Ne4+ Ke6 31. Rc7 a5 32. Rd1 Rf8 33. Rdd7
Re8 34. Rxb7 Rxb7 35. Rxb7 Ra8 36. Nc3 a4 37. Na2 a3 38. Rc7 Rb8 39. Rc2 Kd5
40. Kf2 Rb2 41. Rxb2 axb2 42. Nc3+ Kc4 43. Nb1 Kd3 0-1

[Event "Aust Junior Open "]
[Site "Perth "]
[Date "2004.01.24"]
[Round "10.11"]
[White "Colic, Igor"]
[Black "Song, Raymond"]
[Result "0-1"]
[WhiteElo "1332"]
[BlackElo "1790"]
[PlyCount "60"]
[EventDate "2004.01.14"]
[EventType "swiss"]
[EventRounds "11"]
[EventCountry "AUS"]

1. e4 e6 2. d4 d5 3. exd5 exd5 4. Be2 Bd6 5. Nf3 Ne7 6. O-O O-O 7. h3 Nbc6 8.
c3 Bf5 9. Bd3 Qd7 10. Bxf5 Qxf5 11. Be3 Ng6 12. Nbd2 Rae8 13. Nh2 Nce7 14. b3
Nf4 15. Qg4 h5 16. Qxf5 Nxf5 17. Bxf4 Bxf4 18. Ndf3 g6 19. Rfe1 h4 20. Ng4 Kg7
21. Nge5 f6 22. Nd3 Bd6 23. Rxe8 Rxe8 24. Re1 Re4 25. Kf1 Kf7 26. Nd2 Rxe1+ 27.
Kxe1 b6 28. b4 c6 29. Nb3 Ke6 30. a4 Ne7 {...} 0-1

[Event "Aust Junior Open "]
[Site "Perth "]
[Date "2004.01.24"]
[Round "10.12"]
[White "Jager, Jesse"]
[Black "Cronan, James"]
[Result "1-0"]
[WhiteElo "1598"]
[BlackElo "1760"]
[PlyCount "60"]
[EventDate "2004.01.14"]
[EventType "swiss"]
[EventRounds "11"]
[EventCountry "AUS"]

1. e4 e5 2. Nf3 Nc6 3. Bb5 a6 4. Ba4 Nf6 5. O-O Nxe4 6. d4 b5 7. Bb3 d5 8. dxe5
Be6 9. Nbd2 Nc5 10. c3 Nxb3 11. Nxb3 Be7 12. Nbd4 Nxd4 13. Nxd4 Qd7 14. f4 Bg4
15. Qe1 c5 16. Nc2 Bf5 17. Qf2 O-O 18. Be3 a5 19. Ne1 Qc6 20. Rc1 Rac8 21. Nf3
Rfe8 22. h3 Bd3 23. Rfd1 c4 24. Nd4 Qa6 25. f5 f6 26. e6 b4 27. g4 bxc3 28.
Rxc3 a4 29. a3 Rb8 30. Rd2 Rb7 {...} 1-0

[Event "Aust Junior Open "]
[Site "Perth "]
[Date "2004.01.24"]
[Round "10.13"]
[White "Zvedeniouk, Ilia"]
[Black "Muthusamy, Reubban"]
[Result "1/2-1/2"]
[WhiteElo "1922"]
[BlackElo "1389"]
[PlyCount "98"]
[EventDate "2004.01.14"]
[EventType "swiss"]
[EventRounds "11"]
[EventCountry "AUS"]

1. e4 d5 2. exd5 Qxd5 3. Nc3 Qa5 4. Bc4 Nf6 5. Nf3 Bf5 6. O-O e6 7. d4 c6 8.
Ne5 Nbd7 9. Qe2 Nxe5 10. dxe5 Nd5 11. Nxd5 exd5 12. Bb3 Be7 13. f4 O-O-O 14. c3
Qc7 15. Be3 Kb8 16. Qf2 Qa5 17. Rfd1 Be4 18. Rd4 c5 19. Rd2 f6 20. Rad1 c4 21.
Bc2 Bxc2 22. Rxc2 fxe5 23. fxe5 Rhf8 24. Qg3 g6 25. a3 Rf5 26. Rcd2 Bc5 27. h3
Kc7 28. Bxc5 Qxc5+ 29. Kh2 Kc6 30. Re2 Re8 31. Qh4 Qe7 32. Qxe7 Rxe7 33. Rde1
Kc5 34. g4 Rf4 35. Kg3 g5 36. h4 h6 37. hxg5 hxg5 38. e6 Re4 39. Rxe4 dxe4 40.
Rxe4 Kd5 41. Kf3 Rxe6 42. Rxe6 Kxe6 43. Ke4 b5 44. Kd4 Kd6 45. a4 a6 46. a5 Kc6
47. Ke5 b4 48. Kf5 Kb5 49. Kxg5 Ka4 1/2-1/2

[Event "Aust Junior Open "]
[Site "Perth "]
[Date "2004.01.24"]
[Round "10.14"]
[White "Donaldson, Thomas"]
[Black "Kimura, Toshi"]
[Result "0-1"]
[WhiteElo "1520"]
[BlackElo "1723"]
[PlyCount "74"]
[EventDate "2004.01.14"]
[EventType "swiss"]
[EventRounds "11"]
[EventCountry "AUS"]

1. d4 Nf6 2. c4 g6 3. Nc3 Bg7 4. e4 d6 5. f4 O-O 6. Nf3 c5 7. d5 e6 8. Be2 exd5
9. exd5 Re8 10. O-O a6 11. Qc2 Ng4 12. Bd3 Nh6 13. Bd2 Nf5 14. Nd1 Nd4 15. Nxd4
cxd4 16. f5 Nd7 17. Nf2 Ne5 18. fxg6 hxg6 19. Ne4 Bf5 20. Nf2 Nxd3 21. Nxd3 Rc8
22. Qb3 Re2 23. Bf4 Bxd3 24. Qxd3 Rxb2 25. Rab1 Rxb1 26. Qxb1 Qd7 27. Qb4 Rc5
28. Qb6 Rxc4 29. Qxd6 Qxd6 30. Bxd6 d3 31. Rd1 Rd4 32. Bc5 Rxd5 33. Be3 f5 34.
Kf2 Kf7 35. Bc1 Ke6 36. h3 Bf6 37. Kf3 b5 {...} 0-1

[Event "Aust Junior Open "]
[Site "Perth "]
[Date "2004.01.24"]
[Round "10.15"]
[White "Ferris, Shaun"]
[Black "Tran, Christopher"]
[Result "1-0"]
[WhiteElo "1641"]
[BlackElo "1516"]
[PlyCount "87"]
[EventDate "2004.01.14"]
[EventType "swiss"]
[EventRounds "11"]
[EventCountry "AUS"]

1. c4 Nf6 2. Nf3 g6 3. Nc3 Bg7 4. g3 d6 5. Bg2 O-O 6. O-O c5 7. d4 Nc6 8. b3
cxd4 9. Nxd4 Nxd4 10. Qxd4 Nd7 11. Qd2 Qa5 12. Bb2 Rb8 13. a3 Ne5 14. Rac1 Bd7
15. Rfd1 Rfc8 16. Nd5 Qd8 17. f4 Nc6 18. Bxg7 Kxg7 19. Kh1 Na5 20. Qc3+ f6 21.
Qe3 Kf7 22. Rc3 b5 23. Rdc1 bxc4 24. bxc4 e6 25. Nb4 Qb6 26. Qxb6 axb6 27. Na6
Ra8 28. Bxa8 Rxa8 29. Nb4 Nc6 30. Nxc6 Bxc6+ 31. Kg1 f5 32. Rb1 Ra6 33. Rb4 Ba4
34. Rc1 Ke7 35. Kf2 Kd7 36. Ke3 Bc6 37. Ra1 Kc7 38. Kd4 Ra8 39. Rb3 Ba4 40. Rb2
Bc6 41. Kc3 Ra7 42. e3 Ra8 43. Kb3 Ra7 44. Ka2 {...} 1-0

[Event "Aust Junior Open "]
[Site "Perth "]
[Date "2004.01.24"]
[Round "10.16"]
[White "Chapman, Mark"]
[Black "van Dijk, Devrim"]
[Result "1/2-1/2"]
[WhiteElo "1639"]
[BlackElo "1530"]
[PlyCount "79"]
[EventDate "2004.01.14"]
[EventType "swiss"]
[EventRounds "11"]
[EventCountry "AUS"]

1. e4 d5 2. exd5 Qxd5 3. Nc3 Qa5 4. d4 Nf6 5. Nf3 c6 6. Bd2 Qc7 7. Bc4 Bf5 8.
Qe2 e6 9. Ne5 Nbd7 10. Nxd7 Qxd7 11. O-O-O O-O-O 12. Bf4 Bd6 13. Be5 Qe7 14. h3
Nd7 15. Bxd6 Qxd6 16. Kb1 Nb6 17. Bd3 Bxd3 18. Rxd3 Nd5 19. Nxd5 Qxd5 20. Rhd1
Rd7 21. Rg3 g6 22. f4 Rhd8 23. Rgd3 Qf5 24. Qf3 Kc7 25. g4 Qd5 26. c3 Qxf3 27.
Rxf3 c5 28. Rfd3 cxd4 29. Rxd4 Rxd4 30. cxd4 Kd6 31. Kc2 Kd5 32. Kd3 Rc8 33. b3
f6 34. Re1 b5 35. g5 fxg5 36. fxg5 b4 37. Re5+ Kd6 38. Rb5 Rc3+ 39. Ke4 Rxh3
40. Rxb4 {...} 1/2-1/2

[Event "Aust Junior Open "]
[Site "Perth "]
[Date "2004.01.24"]
[Round "10.17"]
[White "Levin, Joshua"]
[Black "Oliver, Shannon"]
[Result "1/2-1/2"]
[WhiteElo "1464"]
[BlackElo "1580"]
[PlyCount "51"]
[EventDate "2004.01.14"]
[EventType "swiss"]
[EventRounds "11"]
[EventCountry "AUS"]

1. e4 c5 2. Nc3 Nc6 3. g3 g6 4. Bg2 Bg7 5. d3 d6 6. Nge2 e6 7. Be3 Nd4 8. O-O
Ne7 9. Qd2 O-O 10. Nd1 b5 11. c3 Ndc6 12. d4 cxd4 13. cxd4 d5 14. Bf4 Kh8 15.
e5 Qb6 16. g4 Bd7 17. h3 Rac8 18. Ndc3 Na5 19. b3 Rc7 20. Bg5 f6 21. exf6 Bxf6
22. Bxf6+ Rxf6 23. Rac1 Kg7 24. Nf4 Qd6 25. Nd3 a6 26. Rfe1 1/2-1/2

[Event "Aust Junior Open "]
[Site "Perth "]
[Date "2004.01.24"]
[Round "10.18"]
[White "Vijaykumar, Rukman"]
[Black "Rozells, Nathan"]
[Result "1/2-1/2"]
[WhiteElo "1577"]
[BlackElo "1497"]
[PlyCount "78"]
[EventDate "2004.01.14"]
[EventType "swiss"]
[EventRounds "11"]
[EventCountry "AUS"]

1. e4 c5 2. Nf3 d6 3. c3 Nf6 4. Be2 Nc6 5. d4 cxd4 6. cxd4 Bg4 7. O-O e6 8. Nc3
Be7 9. Re1 O-O 10. h3 Bh5 11. Bf4 Rc8 12. Qa4 d5 13. e5 Ne4 14. Be3 f5 15. Nxe4
fxe4 16. Nd2 Bxe2 17. Rxe2 a6 18. f3 exf3 19. Nxf3 Qe8 20. Qb3 Qd7 21. Rf1 h6
22. Qd3 Qe8 23. a3 Qh5 24. Kh2 Qf5 25. Qd2 Rf7 26. Ref2 Qh7 27. Qd1 Rcf8 28. b4
Qe4 29. Re2 Qh7 30. Ref2 Qe4 31. Qd2 Qh7 32. Qc2 Qxc2 33. Rxc2 Kh7 34. Rfc1 g5
35. Nd2 Kg6 36. Nb3 Rf1 37. Nc5 Rxc1 38. Rxc1 Bxc5 39. bxc5 Na5 1/2-1/2

[Event "Aust Junior Open "]
[Site "Perth "]
[Date "2004.01.24"]
[Round "10.19"]
[White "Sreetharan, Kishore"]
[Black "van Heerden, Daniel"]
[Result "1-0"]
[WhiteElo "1509"]
[BlackElo "1532"]
[PlyCount "51"]
[EventDate "2004.01.14"]
[EventType "swiss"]
[EventRounds "11"]
[EventCountry "AUS"]

1. e4 d5 2. exd5 Qxd5 3. Nc3 Qa5 4. d4 Nf6 5. Nf3 c6 6. Bc4 Bf5 7. Bd2 e6 8.
Nd5 Qd8 9. Nxf6+ gxf6 10. c3 Bd6 11. Qe2 Nd7 12. Nh4 Bg6 13. O-O-O Qc7 14. Rde1
O-O-O 15. Qf3 Kb8 16. Bb3 e5 17. Nf5 h5 18. h4 Nb6 19. Re2 exd4 20. cxd4 Qd7
21. Nxd6 Qxd6 22. Bf4 Ka8 23. Bxd6 Rxd6 24. Rhe1 Rdd8 25. Qxf6 Rhf8 26. Re7 1-0

[Event "Aust Junior Open "]
[Site "Perth "]
[Date "2004.01.24"]
[Round "10.21"]
[White "Kaspar, Ric"]
[Black "McGowan, Daniel"]
[Result "1-0"]
[WhiteElo "1436"]
[BlackElo "948"]
[PlyCount "110"]
[EventDate "2004.01.14"]
[EventType "swiss"]
[EventRounds "11"]
[EventCountry "AUS"]

1. e4 c6 2. d4 d5 3. Nc3 dxe4 4. Nxe4 Nf6 5. Nxf6+ gxf6 6. Bf4 Bf5 7. Nf3 e6 8.
Bd3 Bg4 9. h3 Bh5 10. g4 Bg6 11. Qd2 Qd5 12. Qe2 Bd6 13. Bd2 Bc7 14. c4 Qd6 15.
O-O-O Bxd3 16. Qxd3 Na6 17. Rhe1 O-O-O 18. Kb1 e5 19. Qf5+ Kb8 20. dxe5 Qd3+
21. Qxd3 Rxd3 22. Re3 Rhd8 23. a3 fxe5 24. Kc2 Rxe3 25. Bxe3 Rxd1 26. Kxd1 Bd6
27. b4 f6 28. Nh4 Nc7 29. Nf5 Bf8 30. g5 fxg5 31. Bxg5 c5 32. b5 Ne8 33. f3 Kc7
34. Ke2 Kd7 35. Ng3 h6 36. Be3 Ke6 37. Ne4 b6 38. f4 h5 39. Ng5+ Kf6 40. fxe5+
Kxe5 41. Nf7+ Kf6 42. Nd8 Nd6 43. Kd3 Kf5 44. Nc6 Nc8 45. a4 Bd6 46. a5 Bf4 47.
Bxf4 Kxf4 48. Nxa7 Nd6 49. a6 h4 50. Nc6 Nc8 51. Ne7 Na7 52. Nd5+ Kg3 53. Nxb6
Kxh3 54. Nd5 Kg3 55. b6 h3 1-0

[Event "Aust Junior Open "]
[Site "Perth "]
[Date "2004.01.24"]
[Round "10.22"]
[White "Guzel, Adam"]
[Black "Wallis, Christopher"]
[Result "0-1"]
[WhiteElo "1346"]
[BlackElo "1430"]
[PlyCount "86"]
[EventDate "2004.01.14"]
[EventType "swiss"]
[EventRounds "11"]
[EventCountry "AUS"]

1. d4 d5 2. Nf3 Nf6 3. Bg5 Ne4 4. Bh4 c5 5. c3 Qb6 6. Qb3 c4 7. Qxb6 axb6 8.
Nbd2 Bf5 9. e3 e6 10. Nxe4 Bxe4 11. Nd2 Bg6 12. f4 b5 13. Be2 Bd6 14. O-O Nc6
15. b4 O-O 16. g4 f6 17. g5 Ra3 18. gxf6 gxf6 19. Rfc1 Kf7 20. Bg3 Kg7 21. e4
dxe4 22. f5 Bxg3 23. fxg6 Bf4 24. Nxe4 Bxc1 25. Rxc1 Rxa2 26. Bf3 hxg6 27. Nc5
Nd8 28. Ne4 Rh8 29. Nd6 Rhxh2 30. Nxb5 Rhf2 31. Rf1 Rxf1+ 32. Kxf1 f5 33. Be2
g5 34. Bxc4 Rh2 35. Kg1 Rh6 36. Nd6 Rh3 37. Nb5 f4 38. Kg2 g4 39. d5 e5 40. d6
e4 41. d7 f3+ 42. Kf1 g3 43. Nd6 Rh1# 0-1

[Event "Aust Junior Open "]
[Site "Perth "]
[Date "2004.01.24"]
[Round "10.23"]
[White "Holland, Denis"]
[Black "Chu, Louis"]
[Result "0-1"]
[WhiteElo "1531"]
[BlackElo "1125"]
[PlyCount "56"]
[EventDate "2004.01.14"]
[EventType "swiss"]
[EventRounds "11"]
[EventCountry "AUS"]

1. e4 e5 2. Nf3 Nf6 3. d4 Nxe4 4. Bd3 d5 5. Nxe5 Bd6 6. O-O O-O 7. Qh5 c5 8.
dxc5 Bxc5 9. Nd2 Nf6 10. Qh4 Nbd7 11. Ndf3 Nxe5 12. Nxe5 h6 13. Kh1 Re8 14. f4
Ne4 15. Qxd8 Rxd8 16. Bxe4 dxe4 17. f5 Rd5 18. Bf4 f6 19. Ng6 Bxf5 20. Nh4 Bh7
21. Bg3 Re8 22. Rad1 Rxd1 23. Rxd1 e3 24. c3 e2 25. Re1 g5 26. Nf3 f5 27. h3 f4
28. Bh2 Bf2 0-1

[Event "Aust Junior Open "]
[Site "Perth "]
[Date "2004.01.24"]
[Round "10.24"]
[White "Guo Yuthok, Sherab"]
[Black "Martin, Richard"]
[Result "1-0"]
[WhiteElo "1482"]
[BlackElo "1237"]
[PlyCount "35"]
[EventDate "2004.01.14"]
[EventType "swiss"]
[EventRounds "11"]
[EventCountry "AUS"]

1. e4 e5 2. Nf3 Nc6 3. d4 exd4 4. Bc4 Nf6 5. O-O Nxe4 6. Re1 d5 7. Bxd5 Qxd5 8.
Nc3 Qa5 9. Nxe4 Be6 10. Neg5 O-O-O 11. Nxe6 fxe6 12. Rxe6 Qf5 13. Qe2 Kd7 14.
Re4 Bc5 15. Qd3 Qd5 16. c4 Nb4 17. Ne5+ Kc8 18. Qh3+ 1-0

[Event "Aust Junior Open "]
[Site "Perth "]
[Date "2004.01.24"]
[Round "10.25"]
[White "Beltrami, Matthew"]
[Black "Haselgrove, Miles"]
[Result "0-1"]
[WhiteElo "1208"]
[BlackElo "1434"]
[PlyCount "46"]
[EventDate "2004.01.14"]
[EventType "swiss"]
[EventRounds "11"]
[EventCountry "AUS"]

1. e4 c5 2. d4 cxd4 3. c3 dxc3 4. Nxc3 Nc6 5. Nf3 e6 6. Bc4 d6 7. Qe2 Nf6 8.
O-O Be7 9. Rd1 e5 10. Bg5 Bg4 11. h3 Nd4 12. Qd3 Nxf3+ 13. gxf3 Bxh3 14. f4 Bg4
15. Rd2 a6 16. Qg3 exf4 17. Qxf4 Be6 18. Be2 Nd5 19. Bxe7 Nxf4 20. Bxd8 Nxe2+
21. Nxe2 Rxd8 22. a3 Ke7 23. Rc1 Rc8 0-1